[Event "Barcelona Sant Marti op 04th"]
[Site "Barcelona"]
[Date "2002.05.25"]
[Round "8.25"]
[White "Rios Rodriguez, Antonio"]
[Black "Ripolles Garcia, Carles"]
[Result "0-1"]
[WhiteElo "1745"]
[BlackElo "1915"]
[PlyCount "70"]
[EventDate "2002.04.06"]
[EventType "swiss"]
[EventRounds "9"]
[EventCountry "ESP"]
[SourceTitle "EXT 2003"]
[Source "ChessBase"]
[SourceDate "2002.11.25"]
[SourceVersion "1"]
[SourceVersionDate "2002.11.25"]
[SourceQuality "1"]

1. d4 Nf6 2. c4 g6 3. Nc3 Bg7 4. e4 d6 5. Nf3 0-0 6. Be2 Nc6 7. d5 Nb8 8. 0-0 a5 9. h3 Na6 10. Bd3 Nc5 11. Bc2 Nfd7 12. Bd2 Nb6 13. b3 a4 14. Rb1 axb3 15. axb3 Na6 16. Ne2 c5 17. Qe1 Nd7 18. Bc3 Bxc3 19. Qxc3 Rb8 20. Qd2 Nb4 21. Bd1 Kg7 22. Qc3+ Kg8 23. Qd2 b5 24. Qh6 bxc4 25. Ng5 Nf6 26. f4 Qc7 27. bxc4 e6 28. Nc3 exd5 29. Nxd5 Nbxd5 30. Rxb8 Qxb8 31. exd5 Qb2 32. f5 Qd4+ 33. Kh1 Qxc4 34. fxg6 Qxf1+ 35. Kh2 fxg6 0-1